| 000 | 01050nam a2200265Ii 4500 | ||
|---|---|---|---|
| 008 | 211104s9999 xx 000 0 und d | ||
| 022 | _a2052-1847 | ||
| 041 | _aeng | ||
| 245 | 0 | _aBMC Sports Science, Medicine and Rehabilitation: | |
| 264 |
_aUnited Kingdom: _bBMC |
||
| 336 |
_2rdacontent _atext _btxt |
||
| 337 |
_2rdamedia _acomputer _bc |
||
| 338 |
_2rdacarrier _aonline resource _bcr |
||
| 540 |
_fCC BY, CC0 _uhttps://bmcsportsscimedrehabil.biomedcentral.com/submission-guidelines/copyright |
||
| 540 | _uhttp://bmcsportsscimedrehabil.biomedcentral.com/about | ||
| 540 | _uhttp://bmcsportsscimedrehabil.biomedcentral.com/articles/10.1186/s13102-016-0028-y | ||
| 540 | _uhttps://www.biomedcentral.com/about/policies/license-agreement | ||
| 653 | _a Rehabilitation | ||
| 653 | _a Sports medicine | ||
| 653 | _aExercise sciences | ||
| 710 | 2 | _aThe Directory of Open Access Journals | |
| 856 | _uhttp://bmcsportsscimedrehabil.biomedcentral.com | ||
| 856 | _uhttps://doaj.org/toc/6424440ac19546f49bb603084c4d06b9 | ||
| 942 | _cE-JOURNAL | ||
| 999 |
_c40639 _d40639 |
||